Gentílicos dos municípios do Espírito Santo - Statistics

Estatísticas Gerais
  • Esse quiz foi jogado 54 vezes
  • A pontuação média é 29 de 78
Estatísticas das Respostas
Quem Nasce Em É % Correto
Alegre Alegrense
75%
Anchieta Anchietense
66%
Serra Serrano
66%
Vila Velha Vila-velhense/Canela-verde
66%
Iconha Iconhense
64%
Aracruz Aracruzense
61%
Castelo Castelense
61%
Piúma Piumense
61%
Colatina Colatinense
59%
Jaguaré Jaguarense
59%
Linhares Linharense
59%
Viana Vianense
59%
Vitória Vitoriense
59%
Cariacica Cariaciquense
57%
Ibatiba Ibatibense
57%
Iúna Iunense
57%
Muqui Muquiense
57%
Montanha Montanhense
55%
Pinheiros Pinheirense
55%
Irupi Irupiense
52%
Ecoporanga Ecoporanguense
50%
Guaçuí Guaçuiense
50%
Itarana Itaranense
50%
Brejetuba Brejetubense
48%
Cachoeiro de Itapemirim Cachoeirense
48%
Marataízes Marataizense
48%
Pancas Panquense
48%
Guarapari Guarapariense
45%
Ibitirama Ibitiramense
45%
Mucurici Mucuriciense
45%
Ibiraçu Ibiraçuense
43%
Marilândia Marilandense
43%
Mimoso do Sul Mimosense
43%
Itaguaçu Itaguaçuense
41%
Santa Leopoldina Leopoldinense
41%
Ponto Belo Pontobelense
41%
Marechal Floriano Florianense
39%
Baixo Guandu Guanduense
39%
Sooretama Sooretamense
39%
Alfredo Chaves Alfredense
36%
Laranja da Terra Laranjense
36%
Afonso Cláudio Afonso-claudense
34%
Apiacá Apiacaense
34%
João Neiva Joãoneivense
34%
Santa Teresa Teresense
32%
Vargem Alta Vargem-altense
32%
Água Doce do Norte Água-docense
30%
Alto Rio Novo Alto-rio-novense
30%
Conceição da Barra Barrense
30%
Itapemirim Itapemirinense
30%
Governardor Lindenberg Lindenberguense
27%
Muniz Freire Munizfreirense
27%
São José do Calçado Calçadense
25%
Pedro Canário Canariense
25%
Divino de São Lourenço Divinense
25%
São Domingos do Norte Dominguense
25%
Domingos Martins Martinense
25%
Dores do Rio Preto Riopretense
25%
Vila Valério Valeriense
25%
Venda Nova do Imigrante Venda-novense
25%
Boa Esperança Esperancense
23%
Mantenópolis Mantenopolitano
23%
Atílio Vivácqua Atiliense
18%
Fundão Fundãoense
18%
Vila Pavão Pavoense
18%
Nova Venécia Veneciano
18%
São Gabriel da Palha Gabrielense
14%
Presidente Kennedy Kennedense
14%
São Mateus Mateense
14%
Conceição do Castelo Conceiçoense
11%
Barra de São Francisco Francisquense
11%
Santa Maria de Jetibá Santamariense
11%
Bom Jesus do Norte Bom-jesuense
9%
São Roque do Canaã São-roquense
9%
Rio Novo do Sul Sulrionovense
9%
Águia Branca Aguabranquense
7%
Jerônimo Monteiro Jeromense
7%
Rio Bananal Ribanense
0%
Nenhum quiz correspondente encontrado
Distribuição das Pontuações
Porcentagem de Pessoas com Cada Pontuação
Percentil de Números Respondidos
Sua Pontuação Histórica
Você não jogou esse quiz